000 00615nam a2200241Ia 4500
003 OSt
005 20221005133252.0
006 a|||||r|||| 00| 0
007 ta
008 221004b |||||||| |||| 00| 0 eng d
024 _a31811
037 _cTextual
040 _aCRL
_cCRL
_beng
041 _2eng
_aeng
082 _aO:1:9, H9
100 _aBrooks Cleanth
245 0 _aWell brought urn
_b Studies in the structure of poetry
260 _c1949
650 _a ENGLISH POETRY
650 _aENGLISH LITERATURE
942 _hO:1:9, H9
_cTEXL
_2cc
999 _c1066301
_d1066301